00321nam a2200121Ia 4500008004100000041001200041082001100053100000600064245007100070260004200141300000800183650000800191221030s9999 xx 000 0 und d aEnglish a105.23 a- 0aIndian Electronics Directory 2006 -- All India Buyer`s Guidecby - bIED Communications Ltd.aMumbaic2006 a574 aECE